| 000 | 00866nam a2200313Ia 4500 | ||
|---|---|---|---|
| 003 | OSt | ||
| 005 | 20221006142735.0 | ||
| 006 | a|||||r|||| 00| 0 | ||
| 007 | ta | ||
| 008 | 221006b |||||||| |||| 00| 0 eng d | ||
| 020 |
_c _43.45 |
||
| 024 | _a7,075 | ||
| 037 | _cTextual | ||
| 040 |
_aEASL _cEASL _beng |
||
| 041 |
_2eng _aeng |
||
| 082 | _aR842, M7 | ||
| 100 |
_aYASUO Yuasa _9648337 |
||
| 245 | 0 |
_aThe body _b Toward an eastern mind body theory |
|
| 260 |
_aNew York _bState University of New Press _c1987 |
||
| 300 |
_a256p. _ccm. |
||
| 490 | _v JEL | ||
| 650 |
_a Body human philosophy _9648338 |
||
| 650 | _a JEL | ||
| 650 |
_a Philosophy Japanese _9642720 |
||
| 650 |
_aMind and body _9169972 |
||
| 700 | _a KASULIS Thomas P Ed. | ||
| 942 |
_hR842, M7 _cTEXL _2CC |
||
| 999 |
_c1075161 _d1075161 |
||